| 000 | 00497nam a2200157Ia 4500 | ||
|---|---|---|---|
| 008 | 170221s9999 xx 000 0 und d | ||
| 100 | _aRamalingam Subramani | ||
| 245 | 4 | _aThe Academic Usage of Social Networking Sites by the University Students of Tamil Nadu | |
| 245 | _cRamalingam Subramani | ||
| 260 | _bOnline Journal of Communication and Media Technologies | ||
| 260 | _c2015 | ||
| 300 | _a5 : 3 | ||
| 650 | _xCommunication | ||
| 650 | _xMedia Arts | ||
| 856 | _uhttp://www.ojcmt.net/ | ||
| 999 |
_c307119 _d307119 |
||